| 000 | 00627nam a2200241Ia 4500 | ||
|---|---|---|---|
| 008 | 161112s9999 xx 000 0 und d | ||
| 020 | _a978-0-600-61473-9 | ||
| 050 | _aCUL TX 769 | ||
| 050 | _b.L49 2006 | ||
| 100 | _aLewis, Sara. | ||
| 245 | 4 | _aThe bread book : | |
| 245 | 4 | _bthe definitive guide to making bread by hand or machine / | |
| 245 | 0 | _cSara Lewis. | |
| 260 | _aLondon : | ||
| 260 | _bHamlyn, | ||
| 260 | _c2006 | ||
| 300 | _a144 pages : | ||
| 300 | _bcolor illustrations ; | ||
| 300 | _c24 cm. | ||
| 500 | _aIncludes index. | ||
| 650 | _aCooking (Bread). | ||
| 650 | _xAutomatic bread machines. | ||
| 999 |
_c305212 _d305212 |
||